书目信息 |
| 题名: |
一首诗的诞生
|
|
| 作者: | 王燕生 , 谢建平 主编 | |
| 分册: | ||
| 出版信息: | 哈尔滨 北方文艺出版社 2000.01 |
|
| 页数: | 182页 | |
| 开本: | 32开 | |
| 丛书名: | ||
| 单 册: | ||
| 中图分类: | I267 | |
| 科图分类: | ||
| 主题词: | 散文--中国 , 散文--作品综合集--中国 | |
| 电子资源: | ||
| ISBN: | 7-5317-1249-0 | |
| 000 | 00637nam0 2200217 45 | |
| 001 | 0011201948 | |
| 005 | 20001120190738.9 | |
| 010 | @a7-5317-1249-0@d11.00元 | |
| 100 | @a20001120d2000 km y0chiy0120 ea | |
| 101 | 0 | @achi |
| 105 | @a z 000yy | |
| 200 | 1 | @a一首诗的诞生@AYi Shou Shi De Dan Sheng@f王燕生,谢建平主编@FWang Yan Sheng,Xie Jian Ping Zhu Bian |
| 210 | @a哈尔滨@c北方文艺出版社@d2000.01 | |
| 215 | @a182页@d32开 | |
| 606 | 0 | @a散文@x中国 |
| 606 | 0 | @a散文@x作品综合集@x中国 |
| 690 | @aI267@v3 | |
| 701 | 0 | @a王燕生@4主编 |
| 701 | 0 | @a谢建平@4主编 |
| 801 | @aCN@bPftUser@c20001120 | |
| 905 | @b415509-513@dI267@eW799@f5 | |
| 一首诗的诞生/王燕生,谢建平主编.-哈尔滨:北方文艺出版社,2000.01 |
| 182页;32开 |
| ISBN 7-5317-1249-0:11.00元 |
| ● |
| 相关链接 |
|
|
|
正题名:一首诗的诞生
索取号:I267/W799
 
预约/预借
| 序号 | 登录号 | 条形码 | 馆藏地/架位号 | 状态 | 备注 |
| 1 | 415509 | 204155092 | 社科二线400B/400B社科库 26排1列4层/ [索取号:I267/W799] | 在馆 | |
| 2 | 415510 | 204155109 | 文学库116/116文学库 7排2列6层/ [索取号:I267/W799] | 在馆 | |
| 3 | 415511 | 204155118 | 文学库116/116文学库 7排2列6层/ [索取号:I267/W799] | 在馆 | |
| 4 | 415512 | 204155127 | 社科二线400B/400B社科库 1排3列5层/ [索取号:I267/W799] | 在馆 | |
| 5 | 415513 | 204155136 | 社科二线400B/400B社科库 26排1列4层/ [索取号:I267/W799] | 在馆 |